Statistiques concernant Films James Bond

Cliquez ici pour prendre le quiz!

Statistiques générales

  • Ce quiz a été pris 44 fois
  • Le résultat moyen est 14 sur 25

Statistiques - réponses

HintRéponse% Correct
2006Casino Royale
81%
1964Goldfinger
79%
2012Skyfall
79%
1995GoldenEye
76%
2008Quantum of solace
71%
1979Moonraker
67%
1963Bons baisers de Russie
64%
2021Mourir peut attendre
64%
1983Octopussy
64%
1962Dr. No
60%
1974L'homme au pistolet d'or
60%
2015Spectre
60%
1977L'espion qui m'aimait
55%
1965Opération Tonnerre
55%
1973Vivre et laisser mourir
55%
2002Meurs un autre jour
52%
1989Permis de tuer
52%
1971Les diamants sont éternels
48%
1967On ne vit que deux fois
45%
1981Rien que pour vos yeux
43%
1985Dangereusement vôtre
38%
1997Demain ne meurs jamais
36%
1987Tuer n'est pas jouer
36%
1999Le monde ne suffit pas
31%
1969Au service de sa majesté
26%

Distribution des résultats

Percentile par nombre de réponses

% des personnes avec chaque résultat

Votre développement - résultats

Vous n’avez pas pris ce quiz